00867nam a22001577a 4500008004100000020001800041050001400059100002300073245008900096260003400185300003000219500002000249505039000269650002700659700002300686120809t xxu||||| |||| 00| 0 eng d a9780073294735 aTS155.J27 aJacobs, F. Robert. aOperations and supply management: the core. /cF. Robert Jacobs and Richard B. Chase aBoston:bMcGraw- Hill,c2008. axiii,415p.:bill.;c26cm. aIncludes index. aContents: Strategy: Operations and supply strategy -- Project management -- Processes: Strategic capacity management -- Manufacturing processes -- Service processes -- Six- sigma quality -- Supply chains: Strategic sourcing -- Logistics -- Lean manufacturing -- Inventory: Demand management and forecasting -- Aggregate sales and operations planning -- Material requirements planning.  aOperations Management. aChase, Richard B.